Statistiques concernant Les pays produisent la plupart des modèles (de mode)

Cliquez ici pour prendre le quiz!

Statistiques générales

  • Ce quiz a été pris 61 fois
  • Le résultat moyen est 13 sur 20

Statistiques - réponses

# Model producing country % Correct
10.France
100%
1.États-Unis
94%
6.Canada
88%
7.Allemagne
82%
3.Russie
80%
6.Suéde
76%
2.Bresil
75%
4.Royaume-Uni
75%
9.Australie
73%
9.Norvége
73%
4.Danemark
67%
8.Pologne
63%
7.Pays-Bas
57%
5.Pays-Bas
57%
2.Islande
45%
1.Estonie
39%
3.Lituanie
39%
5.Lettonie
37%
8.Slovaquie
27%
10.Tchèque
6%

Distribution des résultats

Percentile by Number Answered

% des personnes avec chaque résultat

Votre développement - résultats

Vous n’avez pas pris ce quiz